Tài liệu luyện thi chứng chỉ A tiếng Anh Biên soạn theo hướng dẫn của Bộ GD - ĐT: Có kèm băng cassette để luyện nghe...
Cung cấp 10 bài luyện thi chứng chỉ A tiếng Anh, được chia làm 3 phần: bài thi mẫu, bài luyện nghe, bài luyện nói, có kèm theo đáp án
Đã lưu trong:
| Tác giả chính: | |
|---|---|
| Định dạng: | Sách |
| Năm xuất bản: |
Thanh Hóa
Nxb Thanh Hóa
1998
|
| Chủ đề: | |
| Tags: |
Thêm thẻ
Không có thẻ, Hãy là người đầu tiên gắn thẻ bản ghi này!
|
| LEADER | 01158nam a2200217 4500 | ||
|---|---|---|---|
| 999 | |c 1934 |d 1934 | ||
| 082 | |a 420.76 |b NG527TR | ||
| 100 | |a Nguyễn Trùng Khánh | ||
| 245 | |a Tài liệu luyện thi chứng chỉ A tiếng Anh |b Biên soạn theo hướng dẫn của Bộ GD - ĐT: Có kèm băng cassette để luyện nghe... |c Nguyễn Trùng Khánh | ||
| 260 | |a Thanh Hóa |b Nxb Thanh Hóa |c 1998 | ||
| 300 | |a 147 tr. |c 21cm | ||
| 520 | |a Cung cấp 10 bài luyện thi chứng chỉ A tiếng Anh, được chia làm 3 phần: bài thi mẫu, bài luyện nghe, bài luyện nói, có kèm theo đáp án | ||
| 653 | |a Ngôn ngữ | ||
| 653 | |a Tiếng Anh | ||
| 653 | |a Tài liệu | ||
| 653 | |a Luyện thi | ||
| 653 | |a Chứng chỉ | ||
| 910 | |c Chi | ||
| 942 | |2 ddc |c STK0 | ||
| 952 | |0 0 |1 0 |2 ddc |4 0 |6 420_076000000000000_NG527TR |7 1 |8 400 |9 29445 |a qbu |b qbu |c D4 |d 2014-12-11 |g 28000 |o 420.076 NG527TR |p 2299.C1 |w 2014-12-11 |y STK0 |0 0 |6 420_076000000000000_NG527TR | ||
| 952 | |0 0 |1 0 |2 ddc |4 0 |6 420_076000000000000_NG527TR |7 0 |8 400 |9 29446 |a qbu |b qbu |c D4 |d 2014-12-11 |g 28000 |l 3 |o 420.076 NG527TR |p 2299.C2 |r 2019-09-24 |s 2019-09-19 |w 2014-12-11 |y STK0 |0 0 |6 420_076000000000000_NG527TR | ||